| 000 | 00601nam a2200229Ia 4500 | ||
|---|---|---|---|
| 003 | OSt | ||
| 005 | 20230509142935.0 | ||
| 008 | 210423s2010 xx 000 0 und d | ||
| 020 | _a978-1-107-40007-8 | ||
| 040 | _cAL | ||
| 041 | _aeng | ||
| 082 | _a428.3 URTE | ||
| 100 |
_aUR (PENNY) _9101092 |
||
| 245 | _aTeaching listening comprehension | ||
| 260 |
_aNew Delhi _bCambridge University Press _c2010 |
||
| 300 |
_ax,173 _bPB |
||
| 365 |
_b325 _cINR |
||
| 650 |
_aEnglish Language _9101093 |
||
| 650 |
_aLanguage _9101094 |
||
| 906 | _acomprehension ; listening ; Teaching | ||
| 942 |
_2ddc _cBK |
||
| 999 |
_c165677 _d165677 |
||